| 000 | 02431nam a22003497a 4500 | ||
|---|---|---|---|
| 001 | 104291 | ||
| 003 | KnowledgeUnlatched | ||
| 005 | 20210303104947.0 | ||
| 006 | m o d | ||
| 007 | cr u|||||||||| | ||
| 008 | 210129p20132020enk o u00| u eng d | ||
| 037 | _5BiblioBoard | ||
| 245 | 0 | 0 |
_aNature for Sale _bCommons versus Commodities / _cGiovanna Ricoveri. |
| 020 | _a9781849649254 | ||
| 029 | 1 | _ahttps://library.biblioboard.com/ext/api/media/283d23bb-e6a0-4479-b2b5-99998cbf2285/assets/thumbnail.jpg | |
| 040 |
_aScCtBLL _cScCtBLL |
||
| 100 | 1 |
_aRicoveri, Giovanna _eauthor. |
|
| 264 | 1 | _bPluto Press, | |
| 300 | _a1 online resource. | ||
| 506 | 0 |
_aAccess copy available to the general public. _fUnrestricted _2star |
|
| 520 | _aUncovering the rich heritage of common ownership which existed before the dominance of capitalist property relations, Giovanna Ricoveri argues that the subsistence commons of the past can be reinvented today to provide an alternative to the current destructive economic order. Ricoveri outlines the distinct features of common ownership as it has existed in history through cooperatives, sustainable use of natural resources and direct democracy. In doing so, she shows how it is possible to provide goods and services which are not commodities exchanged on the capitalistic market, something still demonstrated today in village communities across the global South. Tracing the erosion of the commons from the European enclosures at the dawn of the Industrial Revolution to the new enclosures of modern capitalism, the book concludes by arguing that a new commons is needed today. It will be essential reading for activists as well as students and academics in history, politics, economics and development studies. | ||
| 588 | 0 | _aDescription based on print version record. | |
| 590 | _aKU Select 2019: HSS Backlist Books | ||
| 650 | 7 |
_aPolitical Science / Public Policy / Environmental Policy _2bisacsh |
|
| 650 | 0 | _aPolitical science | |
| 655 | 0 | _aElectronic books. | |
| 758 |
_iIs found in: _aKnowledge Unlatched _1https://openresearchlibrary.org/module/2774bc74-146a-484f-a7ba-ab1d6a09bbfb |
||
| 856 | 4 | 0 |
_uhttps://openresearchlibrary.org/content/283d23bb-e6a0-4479-b2b5-99998cbf2285 _zView this content on Open Research Library. _70 |
| 999 |
_c33114 _d33114 |
||